Cooper and Gunn's Dispensing for Pharmaceutical Students (Record no. 8409)

MARC details
000 -LEADER
fixed length control field 00371nam a2200133Ia 4500
008 - FIXED-LENGTH DATA ELEMENTS--GENERAL INFORMATION
fixed length control field 191201s2008 xx 000 0 und d
082 ## - DEWEY DECIMAL CLASSIFICATION NUMBER
Classification number 615.4 CAD
100 ## - MAIN ENTRY--PERSONAL NAME
Personal name CARTER, S.J (ed)
245 #0 - TITLE STATEMENT
Title Cooper and Gunn's Dispensing for Pharmaceutical Students
260 ## - PUBLICATION, DISTRIBUTION, ETC. (IMPRINT)
Name of publisher, distributor, etc CBS Pub and Distribution
Place of publication, distribution, etc New Delhi
Date of publication, distribution, etc 2008
300 ## - PHYSICAL DESCRIPTION
Extent 759
650 ## - SUBJECT ADDED ENTRY--TOPICAL TERM
Topical term or geographic name as entry element Pharmaceutical
942 ## - ADDED ENTRY ELEMENTS (KOHA)
Source of classification or shelving scheme Dewey Decimal Classification
Koha item type Text Books
Holdings
Withdrawn status Lost status Source of classification or shelving scheme Damaged status Not for loan Collection code Home library Current library Date acquired Source of acquisition Cost, normal purchase price Bill Number Total Checkouts Full call number Acc. no. / Barcode Date last seen Actual Cost, discounted price Bill Date Koha item type Date last borrowed
    Dewey Decimal Classification     Diploma in Pharmacy PIET C-LIBRARY PIET C-LIBRARY 30/10/2019 Kirti Prakashan 575.00 IN 4580   615.4 CAD DP787 04/12/2019 370.87 19/08/2019 Text Books  
    Dewey Decimal Classification     Diploma in Pharmacy PIET C-LIBRARY PIET C-LIBRARY 30/10/2019 Kirti Prakashan 575.00 IN 4580 1 615.4 CAD DP788 26/07/2022 370.87 19/08/2019 Text Books 03/03/2022
    Dewey Decimal Classification     Diploma in Pharmacy PIET C-LIBRARY PIET C-LIBRARY 30/10/2019 Kirti Prakashan 575.00 IN 4580   615.4 CAD DP789 04/12/2019 370.87 19/08/2019 Reference Books  
    Dewey Decimal Classification     Diploma in Pharmacy PIET C-LIBRARY PIET C-LIBRARY 30/10/2019 Kirti Prakashan 575.00 IN 4580 1 615.4 CAD DP790 15/01/2021 370.87 19/08/2019 Text Books 09/11/2020
    Dewey Decimal Classification     Diploma in Pharmacy PIET C-LIBRARY PIET C-LIBRARY 30/10/2019 Kirti Prakashan 575.00 IN 4580   615.4 CAD DP791 23/03/2022 370.87 19/08/2019 Text Books  

Design & Developed by: PIET Central Library
R70 Miles Stone Pattikalyana Samalkha Panipat 132102
mail ID :- [email protected], Phone No:- 0180-2569700 Ex.216